000 00608nam a2200181Ia 4500
008 240729s9999 xx 000 0 und d
022 _a2755-2500
245 0 _aIndustrial Chemistry & Materials
260 _aUnited Kingdom
260 _bThe Royal Society of Chemistry
650 _a Chemical technology | Technology
650 _a Electrical engineering. Electronics. Nuclear engineering
650 _a Materials of engineering and construction. Mechanics of materials
650 _aTechnology
856 _uhttps://doaj.org/toc/9c17822a7745454b91670a80a336b060
942 _2ddc
942 _cDOAJEJ
999 _c72353
_d72353
945 _a1
_bMadushi Gamage
_c1
_dMadushi Gamage